<?xml version="1.0" encoding="UTF-8"?>
<record
    xmlns:xsi="http://www.w3.org/2001/XMLSchema-instance"
    xsi:schemaLocation="http://www.loc.gov/MARC21/slim http://www.loc.gov/standards/marcxml/schema/MARC21slim.xsd"
    xmlns="http://www.loc.gov/MARC21/slim">

  <leader>00568nam a22002057a 4500</leader>
  <controlfield tag="003">OSt</controlfield>
  <controlfield tag="005">20130411200214.0</controlfield>
  <controlfield tag="008">130402s2012    sp ||||| |||| 00| 0 cat d</controlfield>
  <datafield tag="020" ind1=" " ind2=" ">
    <subfield code="a">9788466651363</subfield>
  </datafield>
  <datafield tag="040" ind1=" " ind2=" ">
    <subfield code="c">CDMR</subfield>
  </datafield>
  <datafield tag="100" ind1="1" ind2=" ">
    <subfield code="9">3055</subfield>
    <subfield code="a">Amela, V&#xED;ctor M.</subfield>
  </datafield>
  <datafield tag="245" ind1="1" ind2="0">
    <subfield code="a">Tots els meus secrets, o gaireb&#xE9;</subfield>
    <subfield code="c">V&#xED;ctor-M. Amela; traducci&#xF3; de Emma Garc&#xED;a Carbassa</subfield>
  </datafield>
  <datafield tag="250" ind1=" " ind2=" ">
    <subfield code="a">1a ed.</subfield>
  </datafield>
  <datafield tag="260" ind1=" " ind2=" ">
    <subfield code="a">Barcelona</subfield>
    <subfield code="b">Ediciones B</subfield>
  </datafield>
  <datafield tag="260" ind1=" " ind2=" ">
    <subfield code="b">Grupo Z</subfield>
    <subfield code="c">2012</subfield>
  </datafield>
  <datafield tag="300" ind1=" " ind2=" ">
    <subfield code="a">307 p.</subfield>
  </datafield>
  <datafield tag="490" ind1="0" ind2=" ">
    <subfield code="a">No Ficci&#xF3;</subfield>
  </datafield>
  <datafield tag="650" ind1="0" ind2="4">
    <subfield code="9">3139</subfield>
    <subfield code="a">Periodistes catalans</subfield>
    <subfield code="v">Biografia</subfield>
  </datafield>
  <datafield tag="942" ind1=" " ind2=" ">
    <subfield code="2">udc</subfield>
    <subfield code="c">MON</subfield>
  </datafield>
  <datafield tag="999" ind1=" " ind2=" ">
    <subfield code="c">6038</subfield>
    <subfield code="d">6038</subfield>
  </datafield>
  <datafield tag="952" ind1=" " ind2=" ">
    <subfield code="0">0</subfield>
    <subfield code="1">0</subfield>
    <subfield code="4">0</subfield>
    <subfield code="7">0</subfield>
    <subfield code="a">CDMR</subfield>
    <subfield code="b">CDMR</subfield>
    <subfield code="d">2013-04-02</subfield>
    <subfield code="l">0</subfield>
    <subfield code="o">Du 1/72</subfield>
    <subfield code="p">CDMR13096885</subfield>
    <subfield code="r">2013-09-25</subfield>
    <subfield code="w">2013-09-25</subfield>
    <subfield code="y">MON</subfield>
  </datafield>
</record>
